000 01293nam a22003737a 4500
003 CHAP
005 20220329133622.0
008 971013s1993 r 00010 d
010 _a8627
011 _a9599
035 _a8834
040 _cCHAP
090 _aTesis
100 0 0 _aLoaiza Flores, José Isidro.
_967355
245 _aRespuesta de variedades de gladiola (Gladiolus spp) a su cultivo in vitro y a diferentes niveles de vitaminas
260 _aChapingo, Méx. :
_bEl autor,
_c1993
300 _a64 h.
502 _aTesis (Ing. Agr. Esp. en Fitotecnia) -- UACH. Departamento de Fitotecnia
590 _aALEPH
_b10
_c20130110
_lUCH01
_h1224
590 _aBATCH-UPD
_b10
_c20130110
_lUCH01
_h0024
590 _aBATCH-UPD
_b10
_c20130110
_lUCH01
_h2033
590 _aBATCH-UPD
_b10
_c20130409
_lUCH01
_h2004
590 _aBATCH-UPD
_b10
_c20130410
_lUCH01
_h1349
590 _aBATCH-UPD
_b10
_c20130914
_lUCH01
_h1114
590 _aCONVERSION
_b10
_c20130109
_lUCH01
_h1306
650 1 4 _aCultivo de tejidos.
_930213
650 1 4 _aGladiolas
_xPropagación.
_948235
650 1 4 _aGladiolas
_xRendimiento.
_948236
650 1 4 _aVitaminas en plantas.
_9120024
700 0 _aNolasco Vargas, Anita.
_981618
901 _aBK
942 _cTESIS
949 _bBC
_cTES
_d-19192
_eTS1
_h26281
_i8834
_mD
_si
999 _c8627
_d8627